New developments in biotechnology

Enregistré dans:
Détails bibliographiques
Format: Livre
Langue:Undetermined
Publié: Washington Officeof Technology Assement 1988
Sujets:
Tags: Ajouter un tag
Pas de tags, Soyez le premier à ajouter un tag!
Thư viện lưu trữ: Trung tâm Học liệu Trường Đại học Cần Thơ
LEADER 00443nam a2200157Ia 4500
001 CTU_80002
008 210402s9999 xx 000 0 und d
082 |a 339.5 
082 |b N532/Vol.4 
245 0 |a New developments in biotechnology 
260 |a Washington 
260 |b Officeof Technology Assement 
260 |c 1988 
650 |a Macroeconomic policy 
904 |i Trọng Hải 
980 |a Trung tâm Học liệu Trường Đại học Cần Thơ